The 2010s Movies Picture Quiz - Statistics

General Stats
  • This quiz has been taken 7,660 times
    7,177 since last reset
  • The average score is 29 of 40
Answer Stats
Picture Hint Answer % Correct
2013 Frozen
97%
2019 Joker
96%
2016 Deadpool
93%
2018 Black Panther
92%
2015 Minions
92%
2012 The Avengers
92%
2017 Wonder Woman
92%
2010 How to Train Your Dragon
89%
2016 La La Land
89%
2016 Zootopia
88%
2014 Guardians of the Galaxy
86%
2018 Venom
86%
2015 Inside Out
85%
2014 Interstellar
85%
2012 Life of Pi
78%
2011 Rango
76%
2015 The Martian
76%
2019 Knives Out
74%
2010 The Social Network
74%
2014 Maleficent
73%
2017 Dunkirk
72%
2016 Sausage Party
72%
2011 Harry Potter and the Deathly Hallows – Part 2
71%
2010 Inception
71%
2019 Parasite
71%
2015 Mad Max: Fury Road
69%
2017 Get Out
68%
2017 Blade Runner 2049
64%
2013 Man of Steel
64%
2012 The Dark Knight Rises
62%
2019 Little Women
60%
2013 12 Years a Slave
59%
2018 Green Book
56%
2010 The King's Speech
52%
2013 Gravity
50%
2011 Bridesmaids
49%
2014 The Theory of Everything
49%
2018 A Quiet Place
48%
2012 Argo
44%
2011 The Artist
29%
No matching quizzes found
Score Distribution
Percent of People with Each Score
Percentile by Number Answered
Your Score History
You have not taken this quiz since the last reset